Are friends electric? (Record no. 121985)

MARC details
000 -LEADER
fixed length control field 01049nam a22002297a 4500
008 - FIXED-LENGTH DATA ELEMENTS--GENERAL INFORMATION
fixed length control field 240822t2023 xxkob|||o|||| 00| 0 eng d
022 ## - INTERNATIONAL STANDARD SERIAL NUMBER
International Standard Serial Number 2042-2695
245 ## - TITLE STATEMENT
Title Are friends electric?
Remainder of title Valuing the social costs of power lines using house prices
260 ## - PUBLICATION, DISTRIBUTION, ETC.
Name of publisher, distributor, etc. Centre for Economic Performance & London School of Economics,
Date of publication, distribution, etc. August 2023
300 ## - PHYSICAL DESCRIPTION
Extent 40p.
440 ## - SERIES STATEMENT/ADDED ENTRY--TITLE
Title Discussion Paper
520 ## - SUMMARY, ETC.
Summary, etc. The LSE report indicates that houses within 300 metres of new pylons sell for 10% less on average than those more than over 1.5km away. The influence of a pylon decays with distance but can be detected upto about 1.2km, on average houses sell for around 3.6% less within 1.2km than beyond that distance
650 ## - SUBJECT ADDED ENTRY--TOPICAL TERM
Topical term or geographic name entry element HOUSE PRICES
650 ## - SUBJECT ADDED ENTRY--TOPICAL TERM
Topical term or geographic name entry element OVERHEAD POWER LINES
650 ## - SUBJECT ADDED ENTRY--TOPICAL TERM
Topical term or geographic name entry element PYLONS
650 ## - SUBJECT ADDED ENTRY--TOPICAL TERM
Topical term or geographic name entry element VALUATION
700 ## - ADDED ENTRY--PERSONAL NAME
Personal name Tang, Cheng Keat
700 ## - ADDED ENTRY--PERSONAL NAME
Personal name Gibbons, Stephen
710 ## - ADDED ENTRY--CORPORATE NAME
Corporate name or jurisdiction name as entry element London School of Economics
9 (RLIN) 1264
856 ## - ELECTRONIC LOCATION AND ACCESS
Uniform Resource Identifier <a href="https://cep.lse.ac.uk/pubs/download/dp1942.pdf">https://cep.lse.ac.uk/pubs/download/dp1942.pdf</a>
Public note Discussion paper available from LSE
942 ## - ADDED ENTRY ELEMENTS (KOHA)
Source of classification or shelving scheme Dewey Decimal Classification
Holdings
Withdrawn status Lost status Damaged status Not for loan Home library Current library Shelving location Date acquired Total Checkouts Date last seen Price effective from Koha item type
        Virtual Virtual Online 22/08/2024   22/08/2024 22/08/2024 Online material